000 00595cam a22001937a 4500
020 _a0071455329 (pbk.)
082 0 0 _a621.3815
_bSAE
_cL-N-1, P-83
100 1 _aM SAEED.
_941615
245 1 0 _aElectronic devices and circuits /
_cSAEED MANZAR
260 _aPakistan;
_bA-One Pub.
_cc1999.
300 _axiii, 412 p. :
_bill. ;
_c22 cm.
500 _aIncludes index.
526 _a0
_b0
_c0
_d621_381500000000000_SAE
650 0 _aElectronic circuits
_920195
650 0 _aElectronic circuits
_xExaminations
_941700
650 0 _aElectronic control
_941701
650 0 _aMCE
_9379
942 _2ddc
_cBK
999 _c545746
_d545746